| 000 | 00669nam a2200169 4500 | ||
|---|---|---|---|
| 001 | 143173 | ||
| 003 | ES-MaACL | ||
| 005 | 20230906200738.0 | ||
| 007 | t| | ||
| 008 | 070214s1927 sp r ||||1| spa d | ||
| 245 | 0 | 0 |
_aCartulario del Monasterio de Vega _b: con documentos de San Pelayo y Vega de Oviedo / _c[editado por] Luciano Serrano. |
| 260 |
_aMadrid : _bJunta para Ampliación de Estudios e Investigaciones Científicas, Centro de Estudios Históricos, _c1927 ( _eBurgos : _fAldecoa) |
||
| 300 |
_aXXX, 212 p. ; _c24 x 17 cm. |
||
| 700 | 1 |
_aSerrano, Luciano. _9105704 |
|
| 710 | 2 |
_aCentro de Estudios Históricos (1910-1939) _92638 |
|
| 852 |
_aES-MaACL _jF-7509 |
||
| 999 |
_c143173 _d143173 |
||